Statistics for Hottest Countries

Click here to take the quiz!

General Stats

  • This quiz has been taken 22 times
  • The average score is 8 of 17

Answer Stats

Hottest Countries% Correct
Niger
90%
Mali
70%
Senegal
70%
Mauritania
60%
Qatar
60%
The Gambia
55%
Burkina Faso
50%
Benin
45%
Ghana
45%
Kuwait
45%
Djibouti
40%
Seychelles
40%
Maldives
35%
Palau
25%
Kiribati
20%
Tuvalu
20%
Marshall Islands
15%

Score Distribution

Percentile by Number Answered

Percent of People with Each Score

Your Score History

You have not taken this quiz